| 000 | 01112nab a2200229 i 4500 | ||
|---|---|---|---|
| 001 | 768714001 | ||
| 003 | CO-MdFUSB | ||
| 005 | 20240612083101.0 | ||
| 008 | 240612t1958 sp ||||| |||| 00| 0 spa d | ||
| 040 |
_bspa _cCO-MdFUSB _dCO-MdFUSB |
||
| 041 | _aspa | ||
| 100 |
_aPeinador Navarro, Antonio, _eautor |
||
| 245 |
_aBoletín de Teología Moral _c/ Antonio Peinador Navarro |
||
| 520 | _aEl lector puede utilizar esto como base para evaluar la exactitud de su evaluación personal del florecimiento actual de los estudios religiosos y morales. guía que nos llega constantemente del Vicario de Cristo. Al proceder, separamos los trabajos generales y sistemáticos de las monografías y las cuestiones éticas que se examinan. | ||
| 650 | 7 |
_aÉtica cristiana _9185 |
|
| 650 | 0 |
_aBien y mal _9936 |
|
| 650 | 7 |
_aHermenéutica _9418 |
|
| 650 | 7 |
_aTeología doctrinal _9179 |
|
| 773 | 0 |
_070126 _982745 _dSalamanca, España : _oR2620 _tSalmanticensis _w(CO-MdFUSB)768714001 _gVolumen 5, (fascículo 2, 1958) páginas: 499 - 531 _qpágina: 499 |
|
| 942 | _cANA | ||
| 945 | _aCatherine Arias Álvarez - Practicante SENA | ||
| 999 |
_c70142 _d70142 |
||